Missing Word: Animals in Movie Titles II Quiz Stats

 Plays Quiz Updated Feb 9, 2016

Challenge
Share
Tweet
Embed
Score 0/14 Timer 04:00
2 Plays Today
Movie Animal % Correct
Kung Fu _____Panda
98.1%
To Kill a ________Mockingbird
97.9%
The Curse of the Pink ______Panther
96.3%
_____ On a PlaneSnakes
94.9%
Black ____ DownHawk
94.1%
Crouching _____, Hidden DragonTiger
93.5%
Reservoir ____Dogs
93.4%
Movie Animal % Correct
_____ On a Hot Tin RoofCat
92.6%
Never Cry ______Wolf
88.1%
March of the _________Penguins
84.3%
________ in the MistGorillas
76.5%
X-Men Origins: _________Wolverine
72.9%
Howard the ____Duck
69.8%
G.I. Joe: The Rise of _____Cobra
56.9%

Today's Daily Dose

Missing Word
Entertainment 'L'

Word Ladder
Fingers

Quick Pick
When in Rome

On This Day
December 15th II

You're not logged in!

Compare scores with friends on all Sporcle quizzes.
OR
Log In

You Might Also Like...

Show Comments

Extras

Top Quizzes Today


Score Distribution

Your Account Isn't Verified!

In order to create a playlist on Sporcle, you need to verify the email address you used during registration. Go to your Sporcle Settings to finish the process.

Report this User

Report this user for behavior that violates our Community Guidelines.

Details: